Online
Catalog

Celebrando la repiración : (Record no. 22940)

MARC details
000 -CABECERA
campo de control de longitud fija 00675nam a2200193 a 4500
001 - NÚMERO DE CONTROL
campo de control 000023444
005 - FECHA Y HORA DE LA ÚLTIMA TRANSACCIÓN
campo de control 20200930022226.0
008 - DATOS DE LONGITUD FIJA--INFORMACIÓN GENERAL
campo de control de longitud fija 101208s1990 sp r 000 0 spa d
020 ## - NÚMERO INTERNACIONAL ESTÁNDAR DEL LIBRO
Número Internacional Estándar del Libro 8487201083
040 ## - FUENTE DE LA CATALOGACIÓN
Centro catalogador/agencia de origen DO-SdBNP
Lengua de catalogación spa
Centro/agencia transcriptor BNPHU
082 ## - NÚMERO DE LA CLASIFICACIÓN DECIMAL DEWEY
Número de clasificación NNN
Número de documento/Ítem R263ce
049 ## - FONDOS LOCALES (OCLC)
Fondos de biblioteca BNGR
100 1# - ENTRADA PRINCIPAL--NOMBRE DE PERSONA
Nombre de persona Ray, Sondra
9 (RLIN) 44722
245 10 - MENCIÓN DE TÍTULO
Título Celebrando la repiración :
Resto del título (Renacimiento, libro II) : o cómo sobrevivir a todo y sanar tu cuerpo /
Mención de responsabilidad, etc. Sondra Ray ; traducción, Montserrat Synyer.
260 ## - PUBLICACIÓN, DISTRIBUCIÓN, ETC.
Lugar de publicación, distribución, etc. Madrid :
Nombre del editor, distribuidor, etc. Neo Person,
Fecha de publicación, distribución, etc. 1990.
300 ## - DESCRIPCIÓN FÍSICA
Extensión 183, [1] p. ;
Dimensiones 21 cm.
500 ## - NOTA GENERAL
Nota general Incluye datos del autor en la solapa de la contracubierta
700 1# - PUNTO DE ACCESO ADICIONAL--NOMBRE DE PERSONA
Nombre de persona Sunyer, Montserrat
Término indicativo de función/relación tr.
9 (RLIN) 48312

No items available.

Powered by Koha